Community Based Bottom-up Peace Building: (Record no. 6692)

MARC details
000 -LEADER
fixed length control field 00510nam a22001937a 4500
003 - CONTROL NUMBER IDENTIFIER
control field OSt
005 - DATE AND TIME OF LATEST TRANSACTION
control field 20200302160231.0
008 - FIXED-LENGTH DATA ELEMENTS--GENERAL INFORMATION
fixed length control field 200302b ||||| |||| 00| 0 eng d
020 ## - INTERNATIONAL STANDARD BOOK NUMBER
International Standard Book Number 9187748789
040 ## - CATALOGING SOURCE
Transcribing agency DDC.
082 ## - DEWEY DECIMAL CLASSIFICATION NUMBER
Classification number 303.6PAF 2006.
100 ## - MAIN ENTRY--PERSONAL NAME
Personal name Paffenholz,Thania;
9 (RLIN) 12765
245 ## - TITLE STATEMENT
Title Community Based Bottom-up Peace Building:
250 ## - EDITION STATEMENT
Edition statement 2nd ed.
260 ## - PUBLICATION, DISTRIBUTION, ETC. (IMPRINT)
Place of publication, distribution, etc. Kenya.
Name of publisher, distributor, etc. Life& Peace Institute.
Date of publication, distribution, etc. 2006.
300 ## - PHYSICAL DESCRIPTION
Extent 90p;
Other physical details ill;
Dimensions 20cm.
650 ## - SUBJECT ADDED ENTRY--TOPICAL TERM
Topical term or geographic name as entry element Peace Building.
9 (RLIN) 13756
942 ## - ADDED ENTRY ELEMENTS (KOHA)
Source of classification or shelving scheme Dewey Decimal Classification
Koha item type Open Shelf
Holdings
Withdrawn status Lost status Source of classification or shelving scheme Damaged status Not for loan Home library Current library Date acquired Source of acquisition Inventory number Total Checkouts Full call number Barcode Date last seen Price effective from Koha item type
    Dewey Decimal Classification     MUST Main Library MUST Main Library 02/03/2020 Purchase 07/28791   303.6PAF 2006. 2020-0619 02/03/2020 02/03/2020 Open Shelf